=LDR 00000nam 2200000 4500 =001 INLIS000000000040400 =005 20130612145951 =008 ***********************************ind** =035 ##$$0010-061300000040400 =041 ##$$a ind =082 ##$$a 633.88 =090 ##$$a 633.88, Wid r =100 ##$$a WIDYANTO, Poppy Suryaatmaja =245 ##$$a Rosella, Aneka olahan khasiat dan ramuan, Popy suryatmaja widyanto =260 ##$$a 2009 $b Jakarta =300 ##$$a 36 Hlm, Ilus, 12 cm =650 ##$$a TANAMAN OBAT-ROSELA =850 ##$$a NBPNMAT